Africa Country Borders - 2 Truths and a Lie - Statistics

General Stats
  • This quiz has been taken 19 times
  • The average score is 8 of 10
Answer Stats
Question Answer % Correct
Zimbabwe Malawi
89%
Algeria Chad
83%
Somalia Eritrea
83%
Senegal Sierra Leone
83%
Republic of the Congo Equatorial Guinea
78%
Mali Ghana
78%
Benin Mali
78%
Tanzania South Sudan
78%
Chad Egypt
72%
Namibia Zimbabwe
67%
No matching quizzes found
Score Distribution
Percent of People with Each Score
Percentile by Number Answered
Your Score History
You have not taken this quiz